000 02662nam a2200385 i 4500
001 768714001
003 CO-MdFUSB
005 20250721130020.0
007 ta
008 250716t2022 -us |||| |||| 00| 0 eng d
020 _a9781540966230
040 _aCO-MdFUSB
_bspa
_cCO-MdFUSB
_dCO-MdFUSBC
_erda
041 _aeng
082 _223
_a232.3
_bM695
100 _aMoffitt, David M.,
_eautor
245 _aRethinking the Atonement :
_bnew perspectives on Jesus's death, resurrection, and ascension.
_c/ David M. Moffitt ; prefacio por N.T. Wright
264 1 _bBaker Academic,
_aEstados Unidos :
_c[2022]
264 4 _c©2022
300 _a298 páginas
_c; 23 cm
336 _2rdacontent
_atexto
_btxt
337 _2rdamedia
_asin mediación
_bn
338 _2rdacarrier
_avolumen
_bnc
504 _aTabla de contenido traducida por el centro de catalogación.
505 _aRepensando la expiación: una introducción. -- Basado en Moisés: la muerte de Jesús, la Pascua y la derrota del diablo en la Epístola a los Hebreos. -- Identidad en el desierto y narrativa del Pentateuco: distinción entre la inauguración y el mantenimiento del nuevo pacto en Hebreos. -- Isaías 53, Hebreos y la renovación del pacto. -- “Si se levanta otro sacerdote”: la resurrección de Jesús y la cristología sumo-sacerdotal en Hebreos. -- Sangre, vida y expiación: reevaluación cristológica de Yom Kipur en Hebreos. -- ¿Débil e inútil?: pureza, ley mosaica y perfección en Hebreos. -- Servir en el tabernáculo celestial: espacio sagrado, sacrificio sumo-sacerdotal y teología analógica en Hebreos. -- No ha terminado: la obra expiatoria perpetua de Jesús como sumo sacerdote celestial en Hebreos. -- Direccionalidad de la encarnación y el sacrificio de Jesús en Hebreos. -- El sacrificio celestial de Jesús en la recepción cristiana primitiva de Hebreos: una panorámica. -- Derramamiento de sangre justa, la pasión en Mateo y la destrucción del Templo: Lamentaciones como punto de convergencia. -- La señal de Jonás y el tema profético en Mateo: hacia la misión a los gentiles. -- Expiación a la diestra: el significado sacrificial de la exaltación de Jesús en Hechos. -- Afirmando el “credo”: la fórmula cristiana primitiva en 1 Corintios 15:3b–7.
563 _aRústico
600 0 7 _aJesucristo
_xResurrección
630 0 7 _aBiblia.
_pNuevo Testamento
_xCrítica, interpretación, etc.
653 _aAscensión de Jesucristo
653 _aTeología Bíblica
653 _aExpiación
700 _aWright, N. T. ‎
_94320
_eautor del prefacio
942 _cBK
945 _aJTF-925
999 _c71397
_d71397